000 00396nam a2200157Ia 4500
003 OSt
005 20230529104706.0
008 211028s2015 xx 000 0 und d
040 _cAIMIT LIBRARY
041 _aeng
100 _aFernandes, Stevan; D'Souza, Mithun.
_98566
_e131906
110 _aMithun D'Souza
_98567
245 _aIssue tracker.
260 _aMangalore
_c2015
942 _2ddc
_cPRO
999 _c219952
_d219952